000 00598nam a2200229Ia 4500
003 OSt
005 20221005124030.0
006 a|||||r|||| 00| 0
007 ta
008 221004b |||||||| |||| 00| 0 hin d
024 _a53674
037 _cTextual
040 _aCRL
_cCRL
_bhin
041 _2hin
_ahin
082 _aO152,3N11,12, 32J7
100 _aSevade Andha gopal Au.
_9634593
245 0 _aMarichika
260 _c1957
650 _aHINDI LITERATURE
_923866
942 _hO152,3N11,12, 32J7
_cTEXL
_2cc
999 _c1049240
_d1049240